Ketchikan International Airport Destinations (Ketchikan, AK, USA) - Statistics

General Stats
  • This quiz has been taken 28 times
  • The average score is 3 of 5
Answer Stats
Airline Destination % Correct
Alaska Airlines Juneau
88%
Alaska Airlines Seattle/Tacoma
88%
Alaska Airlines Sitka
76%
Alaska Airlines Wrangell
32%
Island Air Express Klawock
4%
No matching quizzes found
Score Distribution
Percent of People with Each Score
Percentile by Number Answered
Your Score History
You have not taken this quiz